000 00914nam a22002777a 4500
003 URS
005 20240716174851.0
008 240604t2021 ph ||||| |||| 00| 0 eng d
020 _a9786214060290
040 _aDLC
_beng
_cDLC
_dDLC
_dURS
_erda
082 _a658.31
_bS9212 2021
100 _aSaidali, Margarita R.
_eauthor
245 _aRecruitment & selection/
_cMargarita R. Saidali and Jamael Ferdinand R. Saidali.
264 _aPhilippines:
_bMindshapers Co., Inc.,
_c[2021]
300 _aviii, 196 pages;
_c25 cm.
336 _2rdacontent
_atext
_btxt
337 _2rdamedia
_aunmediated
_bn
338 _2rdacarrier
_avolume
_bnc
504 _aIncludes bibliographical references (pages 195-196)
650 _aPersonnel management
650 _aEmployment interviewing
650 _aJob recruitment
650 _aEmployee selection
700 _aSaidali, Jamael Ferdinand R.
_eauthor
942 _2ddc
_cF
999 _c79954
_d79953